| 000 | 00551nam a22001817a 4500 | ||
|---|---|---|---|
| 003 | CEME | ||
| 005 | 20210628202907.0 | ||
| 008 | 210126b xxu||||| |||| 00| 0 eng d | ||
| 020 | _a1-56347-456-5 | ||
| 040 | _c. | ||
| 082 | _a629.1 ZIP | ||
| 100 |
_aZipfel, Peter .H _91706 |
||
| 245 | _aModeling and simulaiton of aerospace vehicle dynamics | ||
| 260 |
_aNEW YORK _bAIAA _c2000 |
||
| 300 | _aXX,549 P | ||
| 650 |
_aAERODYNAMICS- MATHEMATICS, AIRPLANES -MATHEMATICAL MODELS, SPACE VEHICLES- DYNAMICS MATHEMATICAL MODEL _962193 |
||
| 942 |
_cBK _2ddc |
||
| 999 |
_c571380 _d571380 |
||